Pays frontaliers bordant le même nombre de pays - Statistiques

Statistiques générales
  • Ce quiz a été pris 20 fois
  • Le résultat moyen est 48 sur 69
Statistiques - réponses
# Pays % Correct
14 Russie
100%
14 Chine
94%
6 Algérie
88%
6 Libye
88%
7 Niger
88%
6 Afrique du Sud
81%
4 Albanie
81%
4 Bénin
81%
5 Bulgarie
81%
6 Éthiopie
81%
4 Grèce
81%
1 Haïti
81%
7 Hongrie
81%
5 Macédoine du Nord
81%
4 Nigeria
81%
6 République Centrafricaine
81%
1 République Dominicaine
81%
5 Roumanie
81%
6 Soudan du Sud
81%
6 Tchad
81%
7 Ukraine
81%
4 Zimbabwe
81%
5 Argentine
75%
5 Colombie
75%
2 Costa Rica
75%
3 Indonésie
75%
5 Kenya
75%
4 Kosovo
75%
6 Mozambique
75%
2 Panama
75%
4 Angola
69%
4 Botswana
69%
6 Cameroun
69%
5 Croatie
69%
3 Djibouti
69%
3 Érythrée
69%
3 Malaisie
69%
7 Mali
69%
5 Monténégro
69%
4 Namibie
69%
5 Pérou
69%
7 Pologne
69%
3 Somalie
69%
3 Suriname
69%
8 Tanzanie
69%
3 Togo
69%
3 Venezuela
69%
8 Zambie
69%
5 Bolivie
63%
3 Guyana
63%
4 Lettonie
63%
4 Lituanie
63%
2 Nicaragua
63%
5 Birmanie
56%
3 Cambodge
56%
5 Kazakhstan
56%
5 Ouzbékistan
56%
3 Viêt Nam
56%
3 Finlande
50%
3 Ghana
50%
4 Kirghizistan
50%
5 Laos
50%
3 Norvège
50%
5 Ouganda
50%
4 Tadjikistan
50%
4 Jordanie
38%
4 Arménie
31%
4 Géorgie
31%
4 Israël
31%
Aucun quiz correspondant
Distribution des résultats
% des personnes avec chaque résultat
Percentile par nombre de réponses
Votre historique - résultats
Vous n’avez pas pris ce quiz